| 000 | 00337nam a2200109Ia 4500 | ||
|---|---|---|---|
| 008 | 171211s9999 xx 000 0 und d | ||
| 245 | _aCamera Traps in Animal Ecology | ||
| 245 | _cAllan F. O'Connell, James D. Nichols, and K. Ullas Karanth | ||
| 260 | _c2010 | ||
| 650 | _xANIMALS | ||
| 856 | _uhttp://down.ebook777.com/041/4431994947.pdf | ||
| 999 |
_c348513 _d348513 |
||